000 01169cam a22002771i 4500
003 SA-RiAUC
005 20250822132316.0
008 250801s1981 su a g 00010 ara c
040 _aSA-RiAUC
_bara
_cSA-RiAUC
_erda
050 4 _b.Q27 1981
082 0 4 _a255
_qSA-RiAUC
090 _a255
_bق ث ا
100 1 _aالقثامي، حمود بن ضاوي،
_d1368 هجري-
_eمؤلف.
245 1 2 _aالشريعة الإسلامية وأثرها في الظاهرة الإجرامية /
_cتأليف حمود بن ضاوي بن حمود القثامي.
250 _aالطبعة الثانية.
264 1 _aجدة، السعودية :
_bالدار السعودية،
_c1981
300 _a292 صفحة :
_bإيضاحيات ؛
_c24 سم
336 _aنص
_btxt
_2rdacontent
_3كتاب
337 _aبدون وسيط
_bn
_2rdamedia
338 _aمجلد
_bnc
_2rdacarrier
650 7 _aالجنايات (فقه إسلامي)
_2aucsh
650 7 _aالإسلام والجريمة والمجرمون
_2aucsh
650 7 _aالجريمة والمجرمون
_zالسعودية
_2aucsh
942 _2ddc
_cBOOK
_n0
949 _aSA-JeALM
_d250801
_umohamedma123
_n1
999 _c11025
_d11025